The Deptford Histories: The Alchymist's Cat (Record no. 571299)

MARC details
000 -LEADER
fixed length control field 00503nam a22001817a 4500
008 - FIXED-LENGTH DATA ELEMENTS--GENERAL INFORMATION
fixed length control field 250524b |||||||| |||| 00| 0 eng d
020 ## - INTERNATIONAL STANDARD BOOK NUMBER
ISBN 9780340950487
Paper back/Hardbound pbk
041 ## - LANGUAGE CODE
Language code of text/sound track or separate title eng
082 ## - DEWEY DECIMAL CLASSIFICATION NUMBER
Classification number 823.914 JAR
100 ## - MAIN ENTRY--AUTHOR NAME
Personal name Jarvis, Robin
245 ## - TITLE STATEMENT
Title The Deptford Histories: The Alchymist's Cat
Statement of responsibility, etc /Robin Jarvis;
250 ## - EDITION STATEMENT
Edition statement 1st ed.
260 ## - PUBLICATION, DISTRIBUTION, ETC. (IMPRINT)
Place of publication United Kingdom:
Name of publisher Hodder Childrens Book,
Year of publication 2007.
300 ## - PHYSICAL DESCRIPTION
Number of Pages 366p. :
Dimensions 18cm.
650 ## - SUBJECT ADDED ENTRY--TOPICAL TERM
Topical Term English Fiction
942 ## - ADDED ENTRY ELEMENTS (KOHA)
Koha item type English Books
Holdings
Withdrawn status Lost status Damaged status Not for loan Home library Current library Shelving location Date acquired Full call number Accession Number Price effective from Koha item type
        Anna Centenary Library Anna Centenary Library 4TH FLOOR, B WING 03.02.2011 823.914 JAR 508308 24.05.2025 English Books

Find us on the map